Dynamics of state formation: India and Europe compared (Record no. 2152)

MARC details
000 -LEADER
fixed length control field 00584nam a2200193Ia 4500
020 ## - INTERNATIONAL STANDARD BOOK NUMBER
ISBN 81-7036-574-0
082 ## - DEWEY DECIMAL CLASSIFICATION NUMBER
Classification number 320.3 DYN;
245 #0 - TITLE STATEMENT
Title Dynamics of state formation: India and Europe compared
260 ## - PUBLICATION, DISTRIBUTION, ETC. (IMPRINT)
Place of publication New Delhi
Name of publisher Sage Publications
Year of publication 1997
300 ## - PHYSICAL DESCRIPTION
Number of Pages 441p.
440 ## - SERIES STATEMENT/ADDED ENTRY--TITLE
Title Indo-Dutch Studies on Development Alternatives; 19
650 ## - SUBJECT ADDED ENTRY--TOPICAL TERM
Topical Term Comparative government
650 ## - SUBJECT ADDED ENTRY--TOPICAL TERM
Topical Term India - Politics and government
650 ## - SUBJECT ADDED ENTRY--TOPICAL TERM
Topical Term India - Social conditions
650 ## - SUBJECT ADDED ENTRY--TOPICAL TERM
Topical Term Europe - Politics and government
700 ## - ADDED ENTRY--PERSONAL NAME
Personal name Doornbos, Martin
700 ## - ADDED ENTRY--PERSONAL NAME
Personal name Kaviraj, Sudipta
942 ## - ADDED ENTRY ELEMENTS (KOHA)
Koha item type Books
Holdings
Withdrawn status Lost status Damaged status Not for loan Home library Current library Date acquired Bill Date Full call number Accession Number Price effective from Koha item type
        NASSDOC Library NASSDOC Library 08/06/2004 2008-12-30 320.3 DYN; 36415 18/04/2019 Books